Entrepreneurship / (Record no. 18434)
[ view plain ]
| 000 -LEADER | |
|---|---|
| fixed length control field | 00958cam a2200289 a 4500 |
| 001 - CONTROL NUMBER | |
| control field | 16634288 |
| 005 - DATE AND TIME OF LATEST TRANSACTION | |
| control field | 20201128021104.0 |
| 008 - FIXED-LENGTH DATA ELEMENTS--GENERAL INFORMATION | |
| fixed length control field | 110202t2010 xxka frbd 001 0 eng d |
| 010 ## - LIBRARY OF CONGRESS CONTROL NUMBER | |
| LC control number | 2010284839 |
| 020 ## - INTERNATIONAL STANDARD BOOK NUMBER | |
| International Standard Book Number | 9781408007457 (pbk.) |
| 040 ## - CATALOGING SOURCE | |
| Original cataloging agency | UKM |
| Transcribing agency | UKM |
| Modifying agency | UWO |
| -- | DLC |
| -- | EG-ScBUE |
| 082 00 - DEWEY DECIMAL CLASSIFICATION NUMBER | |
| Classification number | 658.421 |
| Edition number | 22 |
| Item number | STO |
| 100 1# - MAIN ENTRY--PERSONAL NAME | |
| Personal name | Stokes, David |
| Fuller form of name | (David R.) |
| 9 (RLIN) | 36153 |
| 245 10 - TITLE STATEMENT | |
| Title | Entrepreneurship / |
| Statement of responsibility, etc | David Stokes, Nick Wilson, Martha Mador. |
| 260 ## - PUBLICATION, DISTRIBUTION, ETC. (IMPRINT) | |
| Place of publication, distribution, etc | Hampshire, United Kingdom : |
| Name of publisher, distributor, etc | South-Western Cengage Learning, |
| Date of publication, distribution, etc | c.2010 |
| Place of manufacture | (Singapore) |
| 300 ## - PHYSICAL DESCRIPTION | |
| Extent | xx, 391 p. : |
| Other physical details | ill. (col.) ; |
| Dimensions | 25 cm. |
| 500 ## - GENERAL NOTE | |
| General note | Glossary : p. 383-385. |
| 500 ## - GENERAL NOTE | |
| General note | Index : p. 387-391. |
| 504 ## - BIBLIOGRAPHY, ETC. NOTE | |
| Bibliography, etc | Includes bibliographical references. |
| 650 #0 - SUBJECT ADDED ENTRY--TOPICAL TERM | |
| Topical term or geographic name as entry element | Entrepreneurship |
| 9 (RLIN) | 240 |
| Source of heading or term | BUEsh |
| 651 ## - SUBJECT ADDED ENTRY--GEOGRAPHIC NAME | |
| Source of heading or term | BUEsh |
| 653 ## - INDEX TERM--UNCONTROLLED | |
| Resource For college | BAEPS, Business Administration |
| Arrived date list | October2014 |
| 655 ## - INDEX TERM--GENRE/FORM | |
| Form subdivision | Text book |
| -- | 33728 |
| 700 1# - ADDED ENTRY--PERSONAL NAME | |
| Personal name | Wilson, Nicholas, |
| Titles and other words associated with a name | Ph.D. |
| 9 (RLIN) | 36155 |
| 700 1# - ADDED ENTRY--PERSONAL NAME | |
| Personal name | Mador, Martha |
| 9 (RLIN) | 36154 |
| 942 ## - ADDED ENTRY ELEMENTS (KOHA) | |
| Source of classification or shelving scheme | Dewey Decimal Classification |
| Call number prefix | 658.421 STO |
| Withdrawn status | Item status | Source of classification or shelving scheme | Damaged status | Not for loan | Vendor | Home library | Current library | Shelving location | Date acquired | Source of acquisition | Total Checkouts | Full call number | Barcode | Date last seen | Koha item type | Materials specified (bound volume or other part) | Total Renewals | Date last borrowed |
|---|---|---|---|---|---|---|---|---|---|---|---|---|---|---|---|---|---|---|
| Dewey Decimal Classification | Baccah | Central Library | Central Library | First floor | 02/10/2014 | 658.421 STO | 000036505 | 15/07/2025 | NB - Book (Non borrowing) | |||||||||
| Lost | Dewey Decimal Classification | Baccah | Central Library | Central Library | First floor | 02/10/2014 | 4 | 658.421 STO | 000036506 | 07/12/2017 | Book - Borrowing | Lost In Inventory_2018-08-12 | 16 | 29/10/2014 | ||||
| Dewey Decimal Classification | Baccah | Central Library | Central Library | First floor | 02/10/2014 | 13 | 658.421 STO | 000036507 | 15/07/2025 | Book - Borrowing | 44 | 24/09/2017 | ||||||
| Dewey Decimal Classification | Baccah | Central Library | Central Library | First floor | 02/10/2014 | 10 | 658.421 STO | 000036508 | 15/07/2025 | Book - Borrowing | 17 | 16/07/2017 | ||||||
| Dewey Decimal Classification | Baccah | Central Library | Central Library | First floor | 02/10/2014 | 17 | 658.421 STO | 000036509 | 15/07/2025 | Book - Borrowing | 29 | 18/09/2017 | ||||||
| Dewey Decimal Classification | Baccah | Central Library | Central Library | First floor | 02/10/2014 | 17 | 658.421 STO | 000036510 | 15/07/2025 | Book - Borrowing | 40 | 09/12/2019 | ||||||
| Dewey Decimal Classification | Baccah | Central Library | Central Library | First floor | 08/10/2014 | 13 | 658.421 STO | 000036515 | 15/07/2025 | Book - Borrowing | 29 | 24/09/2017 | ||||||
| Dewey Decimal Classification | Baccah | Central Library | Central Library | First floor | 08/10/2014 | 13 | 658.421 STO | 000036514 | 15/07/2025 | Book - Borrowing | 41 | 04/07/2017 | ||||||
| Dewey Decimal Classification | Baccah | Central Library | Central Library | First floor | 08/10/2014 | 12 | 658.421 STO | 000036516 | 15/07/2025 | Book - Borrowing | 47 | 27/09/2018 | ||||||
| Dewey Decimal Classification | Baccah | Central Library | Central Library | First floor | 08/10/2014 | 13 | 658.421 STO | 000036517 | 15/07/2025 | Book - Borrowing | 34 | 25/09/2017 |